000 00548nam a22001932 4500
001 0000004683
005 20151217155825.0
008 070528s xx 000 0 eng d
040 _aKABU
_cKABU
050 0 _aQK100
_b.A353M48
100 1 _aMettam, R. W. M.
_@0000155373
245 1 0 _aPoisonous plants of East Africa.
260 _aKampala :
_bGovt. Press,
_c[19?]
300 _a35 p.
650 0 _aPoisonous plants
_zAfrica, East.
_@0000155374
908 _a070528
950 _@1
999 _c12908
_d12908